书目信息 |
| 题名: |
无线电遥控
|
|
| 作者: | 徐烨 编著 | |
| 分册: | ||
| 出版信息: | 北京 人民邮电出版社 1984 |
|
| 页数: | 299页 | |
| 开本: | 19cm | |
| 丛书名: | 无线电爱好者丛书 | |
| 单 册: | ||
| 中图分类: | TP872 | |
| 科图分类: | ||
| 主题词: | 无线电遥控--普及读物 , 远动化系统 | |
| 电子资源: | ||
| ISBN: | ||
| 000 | 00691nam2 2200265 45 | |
| 001 | 0184011238 | |
| 005 | 20211209093044.54 | |
| 010 | @dCNY1.05 | |
| 091 | @aCN@b15045.总2941-无6301 | |
| 100 | @a19950309d1984 em y0chiy0121 ea | |
| 101 | 0 | @achi |
| 102 | @aCN@b110000 | |
| 105 | @ay z 000yy | |
| 200 | 10 | @a无线电遥控@Awu xian dian yao kong@f徐烨编著 |
| 210 | @a北京@c人民邮电出版社@d1984 | |
| 215 | @a299页@d19cm | |
| 225 | 2 | @a无线电爱好者丛书 |
| 410 | 0 | @120010@a无线电爱好者丛书 |
| 606 | @a无线电遥控@x普及读物 | |
| 606 | 0 | @a远动化系统 |
| 690 | @aTP872@v3 | |
| 701 | 0 | @a徐烨@Axu ye@4编著 |
| 801 | 2 | @aCN@bNLC@c20061125 |
| 801 | 0 | @aCN@bTSSF |
| 905 | @a10447@dTP872@e9 | |
| 无线电遥控/徐烨编著.-北京:人民邮电出版社,1984 |
| 299页;19cm.-(无线电爱好者丛书) |
| ISBN :CNY1.05 |
| ● |
| 相关链接 |
|
|
|
|
正题名:无线电遥控
索取号:TP872/9
 
预约/预借
| 序号 | 登录号 | 条形码 | 馆藏地/架位号 | 状态 | 备注 |
| 1 | 0129558 | 001327451 | 第二样本阅览室/ [索取号:TP872/9] | 在馆 |